Entry Topical Term
Number of records used in: 1
001 - CONTROL NUMBER
003 - CONTROL NUMBER IDENTIFIER
005 - DATE AND TIME OF LATEST TRANSACTION
- control field:
20230119101253.0
008 - FIXED-LENGTH DATA ELEMENTS
- fixed length control field:
230119|| aca||aabn | a|a d
040 ## - CATALOGING SOURCE
- Original cataloging agency:
OSt
- Transcribing agency:
OSt
150 ## - HEADING--TOPICAL TERM
- Topical term or geographic name as entry element:
PHARMACY
- General subdivision:
B.PARMA & D.PHARMA
670 ## - SOURCE DATA FOUND
- Source citation:
Work cat.: (OSt)8152: TORTORA , GERARD J. AND DERRICKSON , BRYAN 7219, TORTARA 'S PRINCIPLES OF ANATOMY & PHYSIOLOGY